000 01216namaa2200301 i 4500
003 EG-GICUC
005 20260110120917.0
008 260110s2003 mr ||||jr|||| 000 1 ara d
040 _aEG-GiCUC
_bara
_cEG-GiCUC
_dEG-GiCUC
_erda
082 0 4 _221
_a813.009
_bI14s
092 0 4 _221
_a813.009
_bI14s
099 _a813.009 I14s
100 1 _aابراهيم، عبدالله،
_eمؤلف.
245 1 2 _aالسردية العربية الحديثة :
_bتفكيك الخطاب الاستعمارى واعادة تفسير النشأة /
_cد. عبدالله ابراهيم
250 _aالطبعة الاولى
264 _aالدار البيضاء (المغرب) :
_bالمركز الثقافى العربى،
_c2003
300 _a351 صفحة ؛
_c24 سم
336 _2rdacontent
_atext
337 _2rdamedia
_aUnmediated
338 _2rdacarrier
_avolume
504 _aيشتمل على ارجاعات ببليوجرافية
541 _aد. / جابر عصفور ؛
_bالقاهرة ؛
_cإهداء ؛
_d2024.
650 1 7 _aالقصة العربية
_xتاريخ ونقد
_2qrmak
650 1 7 _aالسرد الادبى
_xأدب عربى
651 1 _2qrmak
905 _aAmira
942 _2ddc
_cBK
_e21
_n0
999 _c177537
_d177537